| 000 | 00419nam a22001577a 4500 | ||
|---|---|---|---|
| 999 |
_c18437 _d18437 |
||
| 008 | 200807b xxu||||| |||| 00| 0 eng d | ||
| 020 | _a0131394126 | ||
| 050 |
_aHG8051 _b.D67 2005 |
||
| 100 | _aDorfman, Mark S. | ||
| 245 |
_aIntroduction to Risk Management _cMark S. Dorfman |
||
| 250 | _a10th ed. | ||
| 260 |
_aBoston _bPearson _c2005 |
||
| 300 | _axxxi, 459p. | ||
| 700 | _aDavid A. Cather | ||
| 942 |
_2lcc _cBK |
||